ទឹកចិត្តកូនស្រី : (Record no. 8572)
[ view plain ]
| 000 -LEADER | |
|---|---|
| fixed length control field | 02653nam a22003017a 4500 |
| 001 - CONTROL NUMBER | |
| control field | 8572 |
| 003 - CONTROL NUMBER IDENTIFIER | |
| control field | FISKH |
| 005 - DATE AND TIME OF LATEST TRANSACTION | |
| control field | 20250930125645.0 |
| 008 - FIXED-LENGTH DATA ELEMENTS--GENERAL INFORMATION | |
| fixed length control field | 250930b cb ||||| |||| 00| 0 eng d |
| 020 ## - INTERNATIONAL STANDARD BOOK NUMBER | |
| International Standard Book Number | 9789996301797 |
| 040 ## - CATALOGING SOURCE | |
| Original cataloging agency | FISKH |
| Language of cataloging | khr |
| Transcribing agency | FISKH |
| Modifying agency | FISKH |
| 050 ## - LIBRARY OF CONGRESS CALL NUMBER | |
| Classification number | PZ7 |
| 100 ## - MAIN ENTRY--PERSONAL NAME | |
| Personal name | Dawn, Dim |
| 245 ## - TITLE STATEMENT | |
| Title | ទឹកចិត្តកូនស្រី : |
| Remainder of title | Daughter's morale / |
| Statement of responsibility, etc. | និពន្ធដោយ លោក ឌឹម ដន |
| 260 ## - PUBLICATION, DISTRIBUTION, ETC. | |
| Place of publication, distribution, etc. | Phnom Penh : |
| Name of publisher, distributor, etc. | Reading Books , |
| Date of publication, distribution, etc. | 2013. |
| 300 ## - PHYSICAL DESCRIPTION | |
| Extent | 24 pages : |
| Other physical details | color illustrations ; |
| Dimensions | 25 cm . |
| 490 ## - SERIES STATEMENT | |
| Series statement | ពិភពរឿងនិទាន |
| 505 ## - FORMATTED CONTENTS NOTE | |
| Formatted contents note | P <br/> |
| 520 ## - SUMMARY, ETC. | |
| Summary, etc. | អត្ថន័យសំខាន់នៃរឿងនេះគឺដើម្បីអប់រំកុមារ ជាពិសេសក្មេងស្រីដែលខ្សោយឲ្យក្លាយជាអ្នករឹងមាំ។ ទោះបីជាមាតាបិតាជួបប្រទះភាពក្រីក្រ ឬគ្មានមាតាបិតាក៏ដោយ ក៏មិនគួរលះបង់ការសិក្សាឡើយ។ ការអត់ធ្មត់ ការតស៊ូ និងការខិតខំប្រឹងប្រែង នឹងនាំមកនូវលទ្ធផលល្អនៅអនាគត ដូចជាតួអង្គ សុភី ក្នុងរឿងនេះ។<br/>ក្រៅពីនេះ អ្វីដែលសំខាន់ជាពីរដទៃទៀតគួរតែមានគឺ៖<br/>ការខិតខំរៀនសូត្រ ,ការគោរពម្ដាយឪពុកប្រកបដោយសីលធម៏ និងសុជីវធម៏ នោះទើបជាក្មេងល្អ និងមានអនាគតរុងរឿង ។ |
| 520 ## - SUMMARY, ETC. | |
| Summary, etc. | Daughter's marale aims to educate children, especially girls who are weak, to be strong. Though their families are in poverty or don't have parent, they don't have to abandon their studies. Patience, struggle and efforts bring about good outcmes in the future, for example Sophy who is a girl in the story. Moreover , two factors should exits : hard learning and respects for parents in a courtesy and moral manner, a symbol of good children who can have brght future . |
| 521 8# - TARGET AUDIENCE NOTE | |
| Target audience note | 650 <br/> |
| Source | Lexile estimate <br/> |
| 521 8# - TARGET AUDIENCE NOTE | |
| Target audience note | P <br/> |
| Source | Raz-Plus <br/> |
| 650 ## - SUBJECT ADDED ENTRY--TOPICAL TERM | |
| Topical term or geographic name entry element | ទឹកចិត្តកូនស្រី |
| Form subdivision | រឿងនិទានកុមារ |
| 650 ## - SUBJECT ADDED ENTRY--TOPICAL TERM | |
| Topical term or geographic name entry element | Daughter's morale |
| Form subdivision | Children's stories |
| 700 ## - ADDED ENTRY--PERSONAL NAME | |
| Personal name | Vichit, Prom |
| Relator term | Illustrator |
| 942 ## - ADDED ENTRY ELEMENTS (KOHA) | |
| Source of classification or shelving scheme | Dewey Decimal Classification |
| Koha item type | Khmer Books |
| Suppress in OPAC | No |
| Withdrawn status | Lost status | Source of classification or shelving scheme | Damaged status | Not for loan | Collection | Home library | Current library | Shelving location | Date acquired | Total Checkouts | Full call number | Barcode | Date last seen | Copy number | Price effective from | Koha item type |
|---|---|---|---|---|---|---|---|---|---|---|---|---|---|---|---|---|
| Dewey Decimal Classification | Khmer-English Bilingual / ភាសាខ្មែរ-អង់គ្លេស | Footprints International School Library Network Toul Tom Poung Campus | Footprints International School Library Network Toul Tom Poung Campus | TTP Primary Khmer Bookshelves | 09/30/2025 | DAW PZ7 | FIS04311 | 09/30/2025 | 1 | 09/30/2025 | Khmer Books | |||||
| Dewey Decimal Classification | Khmer-English Bilingual / ភាសាខ្មែរ-អង់គ្លេស | Footprints International School Library Network Toul Tom Poung Campus | Footprints International School Library Network Toul Tom Poung Campus | TTP Primary Khmer Bookshelves | 10/23/2025 | DAW PZ7 | FIS04321 | 10/23/2025 | 2 | 10/23/2025 | Khmer Books | |||||
| Dewey Decimal Classification | Khmer-English Bilingual / ភាសាខ្មែរ-អង់គ្លេស | Footprints International School Library Network Toul Tom Poung Campus | Footprints International School Library Network Toul Tom Poung Campus | TTP Primary Khmer Bookshelves | 11/10/2025 | DAW PZ7 | FIS04360 | 11/10/2025 | 3 | 11/10/2025 | Khmer Books | |||||
| Dewey Decimal Classification | Khmer-English Bilingual / ភាសាខ្មែរ-អង់គ្លេស | Footprints International School Library Network Toul Tom Poung Campus | Footprints International School Library Network Toul Tom Poung Campus | TTP Primary Khmer Bookshelves | 11/10/2025 | DAW PZ7 | FISBK03881 | 11/10/2025 | 4 | 11/10/2025 | Khmer Books | |||||
| Dewey Decimal Classification | Khmer-English Bilingual / ភាសាខ្មែរ-អង់គ្លេស | Footprints International School Library Network Toul Tom Poung Campus | Footprints International School Library Network Toul Tom Poung Campus | TTP Primary Khmer Bookshelves | 11/21/2025 | DAW PZ7 | 2025-4864 | 11/21/2025 | 5 | 11/21/2025 | Khmer Books |
